000 00618nam a2200205Ia 4500
001 1551
003 GE_BSU
008 181216s||||||||xx |||||||||||||| ||und||
040 _cGE_BSU
080 _a620.1(075.8)
100 _aგიორგაძე,ე
245 _aმასალათმცოდნეობა
245 _bუმაღლ. ტექნიკ. სასწ. სტუდ–ს
260 _aთბილისი
260 _bგანათლება
260 _c1984
300 _a495გვ. 21სმ.
653 _aმასალათმცოდნეობა
942 _cBK
999 _c35678
_d35678